| 000 | 01054nam a2200337 c 4500 | ||
|---|---|---|---|
| 999 |
_c50191 _d50191 |
||
| 001 | 50191 | ||
| 003 | ES-MaCES | ||
| 005 | 20171108095514.0 | ||
| 008 | 171106s2017 sp 000 ||spa d | ||
| 017 |
_aM 23361-2017 _bDL |
||
| 040 |
_aES-MaCES _bspa _cES-MaCES |
||
| 245 | 0 | 0 | _aComercio interior del libro en España 2016 |
| 260 |
_aMadrid _bFederación de Gremios de Editores de España _c[2017] |
||
| 300 |
_a185 p. _bgráf. col. _c24 cm |
||
| 541 | _cGratuito | ||
| 650 | 4 |
_alibro _927873 |
|
| 650 | 4 |
_aedición _929007 |
|
| 650 | 4 |
_aeditor _929823 |
|
| 650 | 4 |
_asector económico _930015 |
|
| 650 | 4 |
_amercado interior _927898 |
|
| 650 | 4 |
_acomercialización _928269 |
|
| 650 | 4 |
_aempleo _928299 |
|
| 650 | 4 |
_aEspaña _926964 |
|
| 650 | 4 |
_a2015 _931152 |
|
| 650 | 4 |
_acuadros estadísticos _928890 |
|
| 653 | 1 | 0 | _aPolíticas sectoriales |
| 710 | 2 |
_aFederación de Gremios de Editores de España _eed. _93543 |
|
| 787 | 0 |
_tComercio interior del libro en España 2015 _w(ES-MaCES)48766 |
|
| 902 | _aLIB Libro | ||
| 942 |
_2CES _cBK _h5.2. |
||